| 000 | 00524nam a2200181Ia 4500 | ||
|---|---|---|---|
| 003 | OSt | ||
| 005 | 20201027120513.0 | ||
| 008 | 190216s9999||||xx |||||||||||||| ||und|| | ||
| 020 | _a9788130907314 | ||
| 040 | _coclc | ||
| 082 |
_a813.52 _bBLO/Z |
||
| 100 |
_aBloom, Harold _95352 |
||
| 245 | 0 |
_aZora Neale Hurston's Their Eyes Were Watching God / _cHarold Bloom |
|
| 260 |
_bViva Book , _c2007. _aNew Delhi: |
||
| 300 | _a81p | ||
| 650 | _aEnglish | ||
| 942 |
_cBK _2ddc _h813.52 _iBLO/Z _k813.52 _mBLO/Z |
||
| 999 |
_c14618 _d14618 |
||